000 00488cam a2200169 4500
008 170504n 000 0 eng u
020 _a0972860215
035 _a(Sirsi) a202740
040 _aCIP
050 _aLB 1025.3 HAI 2005
100 _aHaile, J. M.
245 _aThe way of the teacher/
_c J. M. Haile
260 _aSouth Carolina :
_b Macatea Productions,
_c2005.
300 _axii, 116 p.
504 _aIncludes bilbiographical references and index
650 _aTeaching
999 _c127398
_d127398